|
|
|
|
| LEADER |
00000cam a2200000 7i4500 |
| 001 |
0000003469 |
| 005 |
20060327.0 |
| 020 |
0 |
0 |
|a 1560229616
|
| 090 |
0 |
0 |
|a 632.4
|b FUN
|
| 245 |
1 |
0 |
|a Fungal disease resistance in plants :
|b biochemistry, molecular biology, and genetic engineering
|c editor Zamir K. Punja, .
|
| 260 |
0 |
0 |
|a New York :
|b Food Products Press ,
|c c2004.
|
| 300 |
|
|
|a xix, 266 p. :
|b ill. ;
|c 22 cm.
|
| 650 |
0 |
0 |
|a Fungal diseases of plants.
|
| 650 |
0 |
0 |
|a Plant genetic engineering.
|
| 650 |
0 |
0 |
|a Plant molecular biology.
|
| 650 |
0 |
0 |
|a Plant-pathogen relationships.
|
| 650 |
0 |
0 |
|a Plants
|x Disease and pest resistance.
|
| 700 |
1 |
1 |
|a Punja, Zamir K.
|
| 999 |
|
|
|a 0000006663
|b Monograph
|c Open Shelf
|e Default branch
|